| 000 | 00673nam a22001457a 4500 | ||
|---|---|---|---|
| 100 | _aPhilip, S | ||
| 245 | _aAssociation of phytoplasma-like organism (PLO) in tapping panel dryness (TPD) of rubber (Hevea brasiliensis). | ||
| 260 |
_bVirtual National Symposium on Sustainable plant Health Management Amidst Covid Pandemic: Challenges and Strategies. 1-3 December 2021, Indian Phytopathological Society, New Delhi and Central Plantation Crops Research Institute, Kasaragod, India, Abstracts, p.63. _c2022 |
||
| 650 | _aPhytoplasma-like organism | ||
| 650 | _aTapping panel dryness | ||
| 700 | _aPrem, E.E | ||
| 700 | _aVineeth, V.K | ||
| 700 | _aThomas, V | ||
| 942 | _cJS | ||
| 999 |
_c74908 _d74908 |
||